000 00737nam a2200253Ia 4500
003 OSt
005 20220918223535.0
006 a|||||r|||| 00| 0
007 ta
008 220917b |||||||| |||| 00| 0 eng d
024 _a223,435
037 _cTextual
040 _aARTS
_cARTS
_beng
041 _2eng
_aeng
082 _aY:45N.73, P2
100 _aMarkham Ian Ed.
_9145982
245 0 _a11-Sep
_b Religious perspectives on the causes and consequences
260 _aEngland
_bOne world Oxford
_c2002
300 _ax, 292p
_ccm.
650 _aSOCIOLOGY
700 _a Abu-Rabi Ibrahim M. Ed.
_9145983
942 _hY:45N.73, P2
_cTEXL
_2CC
999 _c278755
_d278755